000 00668nam a2200277Ia 4500
005 20260324125812.0
008 008 260324s9999 xx 000 0 eng d
020 _a9780429178740
037 _aEBOOK
040 _aCRL
040 _beng
040 _cCRL
041 _2eng
041 _aeng
084 _qCRL
100 _a Franklin + Andrews Construction Economists
_91179380
245 0 _aSpon's Irish Construction Price Book
260 _bTaylor and Francis
260 _c2008
365 _a
365 _b640
856 _uhttp://www.taylorfrancis.com/books/9780429178740
942 _cEBOOK
999 _c1774947
_d1774947